Detalles MARC
| 000 -CABECERA |
| Longitud fija campo de control |
02618nas a2200541 c 4500 |
| 001 - NÚMERO DE CONTROL |
| Número de control |
26062 |
| 003 - IDENTIFICADOR DE NÚMERO DE CONTROL |
| Identificador del número de control |
ES-MaCES |
| 005 - FECHA Y HORA DE LA ÚLTIMA TRANSACCIÓN |
| Fecha y hora de la última transacción |
20250409095010.0 |
| 007 - PHYSICAL DESCRIPTION FIXED FIELD--GENERAL INFORMAT |
| Campo fijo de descripción física |
cr ||||||||||| |
| 008 - CAMPO FIJO DE DESCRIPCIÓN FIJA--INFORMACIÓN GENERAL |
| Códigos de información de longitud fija |
120314c2012 sp | p o| 0spa d |
| 022 1# - ISSN (INTERNATIONAL STANDARD SERIAL NUMBER) |
| Número Internacional Normalizado para Publicaciones Seriadas |
2174-7504 |
| 022 1# - ISSN (INTERNATIONAL STANDARD SERIAL NUMBER) |
| Número Internacional Normalizado para Publicaciones Seriadas |
2254-3295 |
| 022 1# - ISSN (INTERNATIONAL STANDARD SERIAL NUMBER) |
| Número Internacional Normalizado para Publicaciones Seriadas |
2660-4647 |
| 022 1# - ISSN (INTERNATIONAL STANDARD SERIAL NUMBER) |
| Número Internacional Normalizado para Publicaciones Seriadas |
2254-3511 (ISSNe) |
| 024 7# - OTROS IDENTIFICADORES |
| Número normalizado o código |
270-12-008-X |
| Fuente del número o código |
nipo |
| 024 7# - OTROS IDENTIFICADORES |
| Número normalizado o código |
270-14-028-2 |
| Fuente del número o código |
nipo-e |
| 035 ## - NÚMERO DE CONTROL DEL SISTEMA |
| Número de control del sistema |
CES20120000022p |
| 040 ## - FUENTE DE CATALOGACIÓN |
| Centro catalogador de origen |
ES-MaCES |
| Lengua de catalogación |
spa |
| Centro transcriptor |
ES-MaCES |
| 245 00 - MENCIÓN DE TÍTULO |
| Título |
Revista del Ministerio de Trabajo, Migraciones y Seguridad Social |
| 246 33 - FORMA VARIANTE DEL TÍTULO |
| Título propio ; Título en breve |
Revista del Ministerio de Empleo y Seguridad Social |
| Fecha o designación secuencial |
- (n. 136 (2018) |
| 246 33 - FORMA VARIANTE DEL TÍTULO |
| Título propio ; Título en breve |
Revista del Ministerio de Trabajo y Economía Social |
| Fecha o designación secuencial |
- (n. 147 (2018) |
| 260 ## - PUBLICACIÓN, DISTRIBUCIÓN, ETC (PIE DE IMPRENTA) |
| Lugar de publicación, distribución, etc. |
Madrid (Agustín de Bethencourt, 11, 28003) |
| Nombre del editor, distribuidor, etc. |
Ministerio de Empleo y Seguridad Social. Sudirección General de Información Administrativa y Publicaciones |
| Fecha de publicación, distribución, etc. |
2012- |
| 300 ## - DESCRIPCIÓN FÍSICA |
| Extensión |
v. |
| Dimensiones |
24 cm |
| 310 ## - PERIODICIDAD ACTUAL DE LA PUBLICACIÓN |
| Periodicidad actual |
Bimestral |
| Fecha de comienzo de la periodicidad actual |
-2017 |
| 321 ## - PERIODICIDAD ANTERIOR DE LA PUBLICACIÓN |
| Periodicidad anterior |
10 n. al año |
| Fechas de la periodicidad anterior |
-2016 |
| 362 0# - DATOS DE LA PUBLICACIÓN Y/O DESIGNACIÓN SECUENCIAL |
| Fecha de publicación y;o designación secuencial |
N. 96 (2012)- |
| 500 ## - NOTA GENERAL |
| Nota general |
Cerrada la suscripción de la ed. impresa, continua ed. electrónica |
| 500 ## - NOTA GENERAL |
| Nota general |
Incluye cinco series de periodicidad bianual: Derecho del Trabajo, Seguridad Social, Derecho Social Internacional y Comunitario, Economía y Sociología, Asuntos Sociales |
| 541 ## - NOTA DE LA FUENTE INMEDIANTE DE ADQUISICIÓN |
| Forma de adquisición |
Gratuito |
| 550 ## - NOTA DE ENTIDAD EDITORA |
| Nota de entidad responsable |
Hasta el n. 136 (2018) editada por el Ministerio de Empleo y Seguridad Social |
| 650 #4 - ASIENTO SECUNDARIO DE MATERIA--TÉRMINO DE MATERIA |
| Término de materia o nombre geográfico como elemento inicial |
España |
| 9 (RLIN) |
26964 |
| 650 #4 - ASIENTO SECUNDARIO DE MATERIA--TÉRMINO DE MATERIA |
| Término de materia o nombre geográfico como elemento inicial |
seguridad social |
| 9 (RLIN) |
27034 |
| 650 #4 - ASIENTO SECUNDARIO DE MATERIA--TÉRMINO DE MATERIA |
| Término de materia o nombre geográfico como elemento inicial |
derecho del trabajo |
| 9 (RLIN) |
27165 |
| 650 #4 - ASIENTO SECUNDARIO DE MATERIA--TÉRMINO DE MATERIA |
| Término de materia o nombre geográfico como elemento inicial |
condiciones sociales |
| 9 (RLIN) |
30469 |
| 650 #4 - ASIENTO SECUNDARIO DE MATERIA--TÉRMINO DE MATERIA |
| Término de materia o nombre geográfico como elemento inicial |
empleo |
| 9 (RLIN) |
28299 |
| 650 #4 - ASIENTO SECUNDARIO DE MATERIA--TÉRMINO DE MATERIA |
| 9 (RLIN) |
28369 |
| Término de materia o nombre geográfico como elemento inicial |
relaciones laborales |
| 653 10 - TÉRMINO DE INDEXACIÓN--NO CONTROLADO |
| Término no controlado |
Relaciones laborales-Empleo |
| 710 2# - ENCABEZAMIENTO SECUNDARIO--NOMBRE CORPORATIVO |
| Nombre de entidad o nombre de jurisdicción como elemento inicial |
España |
| Unidad subordinada |
Ministerio de Trabajo, Migraciones y Seguridad Social |
| Término indicativo de función |
ed. |
| 9 (RLIN) |
39671 |
| 780 00 - ENTRADA ANTERIOR |
| Título |
Revista del Ministerio de Trabajo e Inmigración |
| Número de control del registro relacionado |
(ES-MaCES)25654 |
| 853 21 - LEYENDAS Y PATRÓN--UNIDAD BIBLIOGRÁFICA BÁSICA |
| Segundo nivel de enumeración |
n. |
| Primer nivel de cronología |
año |
| Continuidad en la numeración |
c |
| Frecuencia |
m |
| Patrón de regularidad |
pm01,02,03,04,05,06,07,08,09,10 |
| 854 21 - LEYENDAS Y PATRÓN--MATERIAL SUPLEMENTARIO |
| Segundo nivel de enumeración |
n. extra |
| Primer nivel de cronología |
año |
| Continuidad en la numeración |
r |
| Frecuencia |
x |
| 856 4# - ACCESO ELECTRÓNICO |
| Identificador Uniforme del Recurso (URI) |
https://libreriavirtual.trabajo.gob.es/libreriavirtual/periodicas/0?page=0 |
| Texto del enlace |
texto completo desde n. 1 (1997), embargo tres últimos números |
| 866 #0 - FUENTES TEXTUALES--UNIDAD BIBLIOGRÁFICA BÁSICA |
| Holdings textuales |
2020-2021(2022)2023- |
| Nota pública |
Ubicación: DEPÓSITO - 55/1112 |
| -- |
Ubicación: SALA - REV.-2.0.-14 |
| 905 ## - CES. DATOS REVISTA |
| Boletín de sumarios (Sirtex 591$a) |
Boletín B |
| Formato |
P-OL |
| Kardex |
SÍ |
| Abreviatura boletín |
RevisDelMinEmpSS |
| Proceso |
A |
| 942 ## - ELEMENTOS KOHA |
| Fuente de clasificaión o esquema |
Clasificación propia del CES |
| Koha [por defecto] tipo de item |
Periódicas |
| Parte de clasificación |
Relaciones Laborales y Rel. Lab.- Empleo |